Проблема качества высшего образования; Бизнес и этика

Detalles Bibliográficos
Parent link:Бизнес и этика.— 2005.— С. 106-108.
Autor Principal: Цой Г. А. Галина Анатольевна
Idioma:ruso
Publicado: 2005
Subjects:
Formato: MixedMaterials Capítulo de libro
KOHA link:https://koha.lib.tpu.ru/cgi-bin/koha/opac-detail.pl?biblionumber=98414

MARC

LEADER 00000naa2a2200000 4500
001 98414
005 20231031111324.0
035 |a (RuTPU)RU\TPU\book\105497 
090 |a 98414 
100 |a 20060619d2005 k y0rusy50 ca 
101 0 |a rus 
102 |a RU 
200 1 |a Проблема качества высшего образования  |f Г. А. Цой 
320 |a Библиогр.: 3 назв. 
463 0 |0 (RuTPU)RU\TPU\book\70159  |t Бизнес и этика  |o труды III региональной научно-практической конференции студентов, молодых ученых и предпринимателей, Томск, 25 ноября 2005 г.  |f Томский политехнический университет; Бизнес и этика, региональная научно-практическая конференция  |v С. 106-108.  |d 2005  |p 164 с. 
610 1 |a образование 
610 1 |a высшее образование 
610 1 |a качество 
610 1 |a труды учёных ТПУ 
700 1 |a Цой  |b Г. А.  |c специалист в области учебно-методической работы  |c старший преподаватель Томского политехнического университета, начальник Учебно-методического отдела  |f 1968-  |g Галина Анатольевна  |2 stltpush  |3 (RuTPU)RU\TPU\pers\27141 
801 1 |a RU  |b 63413507  |c 20060619  |g PSBO 
801 2 |a RU  |b 63413507  |c 20160517  |g RCR 
942 |c BK